|
|
|
|
| LEADER |
00000naa a2200000uu 4500 |
| 001 |
vtls010944807 |
| 003 |
SK-MaSNL |
| 005 |
20260302143628.0 |
| 008 |
210902|2000 xo |||||||||||||||||slo| |
| 015 |
|
|
|a SNBRA
|
| 035 |
|
|
|a (urnnbn)urn:nbn:sk:snk:ar-a0ber1
|
| 035 |
|
|
|a (uuid)e6982e8a-348f-439d-a832-88c4ea722144
|
| 035 |
|
|
|a urn:nbn:sk:snk-aau6y3
|
| 040 |
|
|
|a SNKBUCL
|b slo
|c SNKBUCL
|e AACR2
|
| 041 |
0 |
|
|a slo
|
| 044 |
|
|
|a xo
|c SK
|
| 100 |
1 |
|
|a Kosorin, Dušan,
|d 1937-2001
|4 aut
|9 6985
|
| 245 |
1 |
0 |
|a IDENTIFIKÁCIA SYSTÉMU PROGRAMOVO RIADENÉHO DYNAMICKÉHO DYNAMOMETRA
|c Dušan Kosorin
|
| 246 |
3 |
|
|a IDENTIFICATION OF THE PROGRAMME CONTROLLED DYNAMIC DYNAMOMETER
|
| 773 |
0 |
|
|t CO-MAT-TECH 2000
|d Bratislava : Slovenská technická univerzita, 2000
|g S. 133-139
|z 8022714135
|
| 958 |
|
|
|a OND
|
| 958 |
|
|
|a article11
|
| 958 |
|
|
|a chapter
|
| 999 |
|
|
|c 1345513
|d 1347443
|